Marine outfall construction : (Record no. 531942)

000 -LEADER
fixed length control field 01232cam a2200325 a 4500
001 - CONTROL NUMBER
control field 15613292
003 - CONTROL NUMBER IDENTIFIER
control field NUST
005 - DATE AND TIME OF LATEST TRANSACTION
control field 20191104160935.0
008 - FIXED-LENGTH DATA ELEMENTS--GENERAL INFORMATION
fixed length control field 090205s2009 vauab b 001 0 eng
010 ## - LIBRARY OF CONGRESS CONTROL NUMBER
LC control number 2009002098
020 ## - INTERNATIONAL STANDARD BOOK NUMBER
International Standard Book Number 9780784409848
020 ## - INTERNATIONAL STANDARD BOOK NUMBER
International Standard Book Number 0784409846
035 ## - SYSTEM CONTROL NUMBER
System control number (OCoLC)ocn302098987
038 ## - RECORD CONTENT LICENSOR
Staff Name MSOHAIL
040 ## - CATALOGING SOURCE
Original cataloging agency DLC
Transcribing agency DLC
Modifying agency C#P
-- BWX
-- DLC
050 00 - LIBRARY OF CONGRESS CALL NUMBER
Classification number TD763
Item number .G639 2009
082 00 - DEWEY DECIMAL CLASSIFICATION NUMBER
Classification number 628.2
Edition number 22
100 1# - MAIN ENTRY--PERSONAL NAME
Personal name Grace, Robert A.,
Dates associated with a name 1938-
9 (RLIN) 25125
245 10 - TITLE STATEMENT
Title Marine outfall construction :
Remainder of title background, techniques, and case studies /
Statement of responsibility, etc. Robert A. Grace.
260 ## - PUBLICATION, DISTRIBUTION, ETC.
Place of publication, distribution, etc. Reston, Va. :
Name of publisher, distributor, etc. ASCE Press,
Date of publication, distribution, etc. c2009.
300 ## - PHYSICAL DESCRIPTION
Extent xxviii, 403 p. :
Other physical details ill., maps ;
Dimensions 26 cm.
504 ## - BIBLIOGRAPHY, ETC. NOTE
Bibliography, etc. note Includes bibliographical references and index.
650 #0 - SUBJECT ADDED ENTRY--TOPICAL TERM
Topical term or geographic name entry element Sewage disposal in the ocean.
9 (RLIN) 25126
650 #0 - SUBJECT ADDED ENTRY--TOPICAL TERM
Topical term or geographic name entry element Ocean outfalls
General subdivision Design and construction
Form subdivision Case studies.
9 (RLIN) 25127
650 #0 - SUBJECT ADDED ENTRY--TOPICAL TERM
Topical term or geographic name entry element Saline waters.
9 (RLIN) 25128
856 41 - ELECTRONIC LOCATION AND ACCESS
Materials specified Table of contents only
Uniform Resource Identifier <a href="http://www.loc.gov/catdir/toc/fy1002/2009002098.html">http://www.loc.gov/catdir/toc/fy1002/2009002098.html</a>
906 ## - LOCAL DATA ELEMENT F, LDF (RLIN)
a 7
b cbc
c orignew
d 1
e ecip
f 20
g y-gencatlg
942 ## - ADDED ENTRY ELEMENTS (KOHA)
Source of classification or shelving scheme
Koha item type Book
Holdings
Withdrawn status Lost status Source of classification or shelving scheme Damaged status Not for loan Permanent Location Current Location Date acquired Total Checkouts Full call number Barcode Date last seen Price effective from Koha item type
          School of Civil and Environmental Engineering (SCEE) School of Civil and Environmental Engineering (SCEE) 11/04/2019   628.2 NIT-11865 11/04/2019 11/04/2019 Book
© 2023 Central Library, National University of Sciences and Technology. All Rights Reserved.